Curso de derecho penal chileno

Uloženo v:
Podrobná bibliografie
Hlavní autor: Novoa Monreal, Eduardo (autor)
Médium: Kniha
Jazyk:španělština
Vydáno: Santiago Jurídica de Chile 1960
Témata:
Tagy: Přidat tag
Žádné tagy, Buďte první, kdo vytvoří štítek k tomuto záznamu!

MARC

LEADER 00000nam a2200000 a 4500
001 UCL8099
003 CL-VaPUC
008 040611e19600000CL |||||||||||||||||spa|d
082 0 4 |a 345.83  |b NOV  |2 21 
100 |a Novoa Monreal, Eduardo  |e autor  |9 499707 
245 1 0 |a Curso de derecho penal chileno 
300 |a 2 v 
942 |c BK 
945 |d 20040611 00:00:00  |a cmena 
260 |a Santiago  |b Jurídica de Chile  |c 1960 
650 7 |a DERECHO PENAL CHILENO  |2 CL-VaPUC  |9 486050 
583 |a last modification  |c 20040611 00:00:00  |k Rodrigo Vera 
999 |c 309558  |d 309556 
952 |0 0  |1 0  |4 0  |6 345_830000000000000_NOV_1960  |7 0  |8 A  |9 377077  |a BIBDER  |b BIBDER  |d 2019-11-21  |h v.1  |i 4010353  |l 1  |m 1  |o 345.83 NOV 1960  |p 4010353  |r 2025-04-07  |s 2025-03-31  |w 2019-11-21  |y BK  |k DER